1017 1992 1486 1297 1896 1159 1062 1211 1250 1693 1448 1003 1089 1920 1040 1648 1620 1276 1027 1214 1317 1488 1878 1060 1413 1057 1993 1525 1255 1750 1743 1353 1035 1469 1202 1987 1055 1899 1173 1061 1713 1448 1180 1788 1417 1732 1934 1523 1715 1032 1674 1436 1493 1663 1294 1253 1844 1711 1673 1459 1034 1250 1276 1938 1764 1907 1990 1167 1678 1150 1555 1978 1104 1421 1187 1868 1071 1190 1890 1337 1098 1090 1587 1572 1088 1236 1124 1040 1903 1005 1342 1311 1990 1761 1630 1532 1343 1817 1881 BCNSPRNW ULIB Ver.6.0+V

เปลี่ยนเป็นภาษาไทย

Change to English
 แสดงรายละเอียดบรรณานุกรม
  กลับหน้าหลัก

Brief Record : Get Marc (ISO 2709) : E-mail record : QR code < ปิดหน้าต่าง
LEADER : 00000nam 2200000uu 4500
001    13399112170
003     ULIB
008    110729s2544||||th 000 0 tha d
050 04 HD31^bพ361ค 2544
110 1  สถาบันพระบรมราชชนก
245 10 ความสามารถพื้นฐานทางด้านการบริหาร/^cสถาบันพระบรมราชชนก
260    นนทบุรี :^bสถาบันพระบรมราชชนก,^c2544
300    177 หน้า
650  7 บริหาร
650  7 บริหาร^xความสมารถ
650  7 ภาวะผู้นำ
945    ^p0^l0^i013610
945    ^p0^l0^i013611
945    ^p0^l0^i013612
995    ทศพร
999 ^a ทศพร
รายการนี้ยังไม่มีแท็ก
คุณยังไม่ได้ล็อกอิน คุณสามารถมีกิจกรรมร่วมกับเว็บไซต์ได้ แต่ต้องล็อกอินก่อน ::
  ล็อกอิน

รายการสื่อสารสนเทศ

ลำดับที่ ประเภท เลขเรียก/บาร์โค้ด สถานที่ สถานะ
- ไม่พบข้อมูล -

รายการใกล้เคียง
    หัวเรื่อง [บริหาร]
    หัวเรื่อง [ภาวะผู้นำ]

BibComment


ยังไม่เคยถูกคอมเมนท์

คอมเมนท์ทรัพยากรรายการนี้
  คอมเมนท์: ความสามารถพื้นฐาน..


 Copyright 2026. Bcnsprnw @Library